| 000 | 00524nam a2200169 i 4500 | ||
|---|---|---|---|
| 001 | 39215 | ||
| 003 | ES-MaACL | ||
| 005 | 20250905063038.0 | ||
| 007 | t| | ||
| 008 | 030227s1920 fr ||||1| fre d | ||
| 100 | 1 |
_aCambon, Victor, _d1852-1927 _934035 |
|
| 245 | 1 | 2 |
_aL'industrie organisée d'après les méthodes américaines / _cpar Victor Cambon. |
| 260 |
_aParis : _bPayot Cie, _c1920 ( _eVannes : _fLafolye) |
||
| 300 |
_a268 p., 22 lám. ; _c23 cm. |
||
| 852 |
_aES-MaACL _jB-2307 |
||
| 999 |
_c39215 _d39215 |
||